[Event "26.Off.Bayer.Senioren-EM 2014"]
[Site "Bergen"]
[Date "2014.06.28"]
[Round "9.22"]
[White "Perzl, Michael"]
[Black "Schindler, Jan"]
[Result "1-0"]
[WhiteElo "1754"]
[BlackElo "1637"]
[PlyCount "119"]
[EventDate "2014.??.??"]
[WhiteTeam "TSV Trostberg"]
[BlackTeam "SC Anderssen Nürnberg 1929 e.V."]

1. d4 Nf6 2. c4 e6 3. Nc3 Bb4 4. e3 b6 5. Bd3 Bb7 6. f3 O-O 7. Nge2 d5 8. O-O
Re8 9. b3 Nbd7 10. e4 dxe4 11. fxe4 e5 12. d5 Bc5+ 13. Kh1 Ng4 14. Qe1 Nf8 15.
Qg3 Bc8 16. h3 Nf2+ 17. Rxf2 Bxf2 18. Qxf2 Ng6 19. Bd2 Qh4 20. Qxh4 Nxh4 21.
Bg5 Ng6 22. Rf1 f6 23. Bd2 a6 24. Ng3 Nf8 25. Nh5 Nd7 26. Be3 Rb8 27. Kh2 Rf8
28. Ng3 g6 29. Bh6 Rf7 30. h4 Nc5 31. Bc2 Bg4 32. Be3 Nb7 33. Nh1 h5 34. Nf2
Bd7 35. g3 Kg7 36. Rg1 Rh8 37. Rg2 Nd6 38. Nh3 Bg4 39. Bd3 Rhf8 40. c5 bxc5 41.
Bxc5 Ra8 42. Be2 Bd7 43. Nf2 a5 44. g4 hxg4 45. Nxg4 Rh8 46. Kg3 f5 47. Nxe5
f4+ 48. Kf2 Rxh4 49. Nxf7 Nxf7 50. Bd4+ Kh6 51. Bf3 g5 52. e5 Bh3 53. Rh2 Kg6
54. e6 Nd6 55. Be5 Kf5 56. Bxd6 cxd6 57. e7 Rh8 58. Rxh3 Re8 59. Rh7 Kg6 60.
Be4+ 1-0

[Event "26.Off.Bayer.Senioren-EM 2014"]
[Site "Bergen"]
[Date "2014.06.28"]
[Round "9.23"]
[White "Klimpel, Siegfried"]
[Black "Kaufmann, Helmut"]
[Result "0-1"]
[WhiteElo "1662"]
[BlackElo "1742"]
[PlyCount "40"]
[EventDate "2014.??.??"]
[WhiteTeam "TSV Kareth-Lappersdorf"]
[BlackTeam "SK Eutingen"]

1. e4 g6 2. d4 Bg7 3. Nc3 d6 4. f4 e6 5. Be3 f6 6. Bd3 Ne7 7. Nf3 b6 8. Qe2 a5
9. d5 exd5 10. Nxd5 Nxd5 11. exd5 O-O 12. O-O f5 13. Nd4 Re8 14. Qf3 Bb7 15. c4
Nd7 16. Qg3 Nc5 17. Be2 Qf6 18. Rad1 Re7 19. a3 a4 20. Bf2 Ne4 0-1

[Event "26.Off.Bayer.Senioren-EM 2014"]
[Site "Bergen"]
[Date "2014.06.28"]
[Round "9.24"]
[White "Wolf, Reinhard"]
[Black "Kammel, Rudolf"]
[Result "1-0"]
[WhiteElo "1731"]
[BlackElo "1613"]
[PlyCount "31"]
[EventDate "2014.??.??"]
[WhiteTeam "SV Königsspringer 1929 Großauhei"]
[BlackTeam "SC Bavaria Regensb.1881"]

1. e4 e6 2. d4 d5 3. exd5 exd5 4. c4 Nf6 5. Nc3 Be7 6. cxd5 Nxd5 7. Bc4 Nxc3 8.
bxc3 O-O 9. Ne2 Bd7 10. O-O b5 11. Bb3 a5 12. Ng3 g6 13. Bh6 Re8 14. Qf3 Bf6
15. Qxa8 Bc6 16. Qxa5 1-0

[Event "26.Off.Bayer.Senioren-EM 2014"]
[Site "Bergen"]
[Date "2014.06.28"]
[Round "9.25"]
[White "Neumeister, Herbert"]
[Black "Weyand, Fernand"]
[Result "1-0"]
[WhiteElo "1716"]
[BlackElo "1587"]
[PlyCount "43"]
[EventDate "2014.??.??"]
[WhiteTeam "Schachvereinigung Düren 13 Deric"]
[BlackTeam "SVG Saarbrücken 1970 e.V."]

1. d4 Nf6 2. Nf3 e6 3. e3 d5 4. Bd3 c5 5. b3 cxd4 6. exd4 Nc6 7. O-O Be7 8. Bb2
Nb4 9. Be2 b6 10. a3 Nc6 11. Bd3 Bb7 12. Nbd2 O-O 13. Ne5 Qc7 14. Re1 a5 15.
Ndf3 Ba6 16. c4 Rfd8 17. Rc1 Bb7 18. Qe2 Rac8 19. cxd5 Rxd5 20. Nxc6 Bxc6 21.
Ne5 Qb7 22. Ba6 1-0

[Event "26.Off.Bayer.Senioren-EM 2014"]
[Site "Bergen"]
[Date "2014.06.28"]
[Round "9.26"]
[White "Abel, Hans-Peter"]
[Black "Moderegger, Ludwig"]
[Result "1-0"]
[WhiteElo "1715"]
[BlackElo "1528"]
[PlyCount "51"]
[EventDate "2014.??.??"]
[WhiteTeam "SC Leinfelden"]
[BlackTeam "SF Bad Reichenhall"]

1. c4 Nf6 2. Nc3 e6 3. g3 c6 4. d4 d5 5. b3 b6 6. Bg2 Nbd7 7. e3 Bb7 8. Nge2
Qc7 9. Bd2 a6 10. O-O Be7 11. Rc1 O-O 12. cxd5 exd5 13. Nxd5 Qd6 14. Nxe7+ Qxe7
15. Bxc6 Bxc6 16. Rxc6 Rac8 17. Qc2 Rcd8 18. f3 a5 19. e4 Rfe8 20. Bf4 Qb4 21.
a4 Nb8 22. Rc4 Qe7 23. Bc7 Nd5 24. Bxd8 Ne3 25. Bxe7 Nxc2 26. Rxc2 1-0

[Event "26.Off.Bayer.Senioren-EM 2014"]
[Site "Bergen"]
[Date "2014.06.28"]
[Round "9.27"]
[White "Scheuerlein, Gerhard"]
[Black "Babichev, Vyacheslav"]
[Result "1-0"]
[WhiteElo "1585"]
[BlackElo "1689"]
[PlyCount "42"]
[EventDate "2014.??.??"]
[WhiteTeam "SK Schwabach 1907 e.V."]
[BlackTeam "SW Nürnberg Süd e.V."]

1. d4 b6 2. c4 Bb7 3. Nc3 e6 4. Nh3 Bb4 5. Qc2 f5 6. Bf4 Nf6 7. a3 Be7 8. f3
O-O 9. e3 Nh5 10. Bg3 Nxg3 11. hxg3 d6 12. f4 h6 13. Nb5 Be4 14. Bd3 Bxd3 15.
Qxd3 Nd7 16. d5 Bf6 17. O-O-O a6 18. Nc3 Qe7 19. e4 Bxc3 20. Qxc3 exd5 21. exd5
Qe3+ 1-0

[Event "26.Off.Bayer.Senioren-EM 2014"]
[Site "Bergen"]
[Date "2014.06.28"]
[Round "9.28"]
[White "Hermann, Josef"]
[Black "Garms, Ilse"]
[Result "1-0"]
[WhiteElo "1687"]
[BlackElo "1532"]
[PlyCount "79"]
[EventDate "2014.??.??"]
[WhiteTeam "TSV Trostberg"]
[BlackTeam "ESV 1949 Eberswalde e.V."]

1. c4 c5 2. Nf3 Nc6 3. d4 cxd4 4. Nxd4 e5 5. Nxc6 bxc6 6. e4 Bc5 7. Be2 Qh4 8.
O-O Qxe4 9. Nc3 Qg6 10. Bf3 Ne7 11. Ne4 d6 12. Nxc5 dxc5 13. Be3 O-O 14. Bxc5
Re8 15. Bxe7 Bb7 16. Bc5 Rad8 17. Qb3 e4 18. Be2 Bc8 19. Rfd1 a6 20. Rxd8 Rxd8
21. Rd1 Re8 22. Bd4 h5 23. Qg3 Qh6 24. Bxh5 g5 25. Bg4 f5 26. Be2 f4 27. Qb3 g4
28. c5+ Be6 29. Bc4 Kf7 30. Bxe6+ Rxe6 31. Bc3 f3 32. Rd6 Qc1+ 33. Qd1 Qh6 34.
Rxe6 Qxe6 35. Qb3 Qd5 36. Qxd5+ cxd5 37. gxf3 exf3 38. h3 gxh3 39. Kh2 Ke7 40.
Kxh3 1-0

[Event "26.Off.Bayer.Senioren-EM 2014"]
[Site "Bergen"]
[Date "2014.06.28"]
[Round "9.29"]
[White "Mehlhorn, Dieter"]
[Black "Kunert, Helmut"]
[Result "1/2-1/2"]
[WhiteElo "1656"]
[BlackElo "1491"]
[PlyCount "71"]
[EventDate "2014.??.??"]
[WhiteTeam "Post-SV Crimmitschau"]
[BlackTeam "SF Bad Reichenhall"]

1. d4 Nf6 2. Nf3 e6 3. Nbd2 d5 4. e3 c5 5. c3 Bd7 6. Bd3 Bd6 7. O-O c4 8. Be2
b5 9. Ne5 Nc6 10. Nxd7 Qxd7 11. f4 h5 12. Bf3 g6 13. g3 Ne7 14. e4 dxe4 15.
Nxe4 Nxe4 16. Bxe4 Rd8 17. Qf3 f5 18. Bc2 Qc6 19. Qe2 Bc7 20. Re1 Kf7 21. a4 a6
22. Bd2 h4 23. axb5 axb5 24. Qg2 Qxg2+ 25. Kxg2 hxg3 26. hxg3 Ra8 27. Rad1 Ra2
28. Bc1 b4 29. cxb4 Nd5 30. Bb1 Ra1 31. Bd2 Rb8 32. Re2 Nxb4 33. Bxb4 Rxb4 34.
Rde1 c3 35. Rxe6 Rxb2+ 36. Kf3 1/2-1/2

[Event "26.Off.Bayer.Senioren-EM 2014"]
[Site "Bergen"]
[Date "2014.06.28"]
[Round "9.30"]
[White "Sandner, Josef"]
[Black "Schuster, Herbert"]
[Result "0-1"]
[WhiteElo "1461"]
[BlackElo "1615"]
[PlyCount "86"]
[EventDate "2014.??.??"]
[WhiteTeam "SG Traunstein/Traunreut e.V."]
[BlackTeam "SK Landshut"]

1. d4 Nf6 2. e3 d5 3. f4 Bg4 4. Nf3 e6 5. Bd3 Nbd7 6. Nbd2 c6 7. O-O h6 8. Qe1
Bd6 9. Ne5 Bf5 10. Bxf5 exf5 11. c3 Qe7 12. Kh1 Ne4 13. Nxe4 dxe4 14. Bd2 Bxe5
15. fxe5 Qe6 16. Qe2 O-O 17. Be1 f6 18. exf6 Rxf6 19. Bg3 Kh7 20. Rf2 Rg8 21.
h3 Rf7 22. b3 a6 23. Raf1 g6 24. Bh2 b5 25. g4 Nb6 26. gxf5 gxf5 27. Rg1 Rxg1+
28. Kxg1 Nd5 29. c4 Rg7+ 30. Rg2 Rxg2+ 31. Qxg2 bxc4 32. bxc4 Nxe3 33. Qg3 Qg6
34. Qxg6+ Kxg6 35. c5 Nd5 36. Kf2 f4 37. a3 Kf5 38. a4 Nc3 39. a5 Nb5 40. d5
cxd5 41. c6 d4 42. Ke2 Na7 43. Bg1 Nxc6 0-1

[Event "26.Off.Bayer.Senioren-EM 2014"]
[Site "Bergen"]
[Date "2014.06.28"]
[Round "9.31"]
[White "Rudek, Gerald"]
[Black "Malik, Heinz"]
[Result "1-0"]
[WhiteElo "1394"]
[BlackElo "1568"]
[PlyCount "81"]
[EventDate "2014.??.??"]
[WhiteTeam "SC Feuchtwangen 1911 e.V."]
[BlackTeam "SK Großweil"]

1. f4 g6 2. Nf3 Bg7 3. e4 c5 4. d3 Nc6 5. Be2 e6 6. c3 Nge7 7. O-O d5 8. e5 O-O
9. Be3 b6 10. Na3 Bb7 11. Qe1 Re8 12. Rd1 Nf5 13. Bc1 a6 14. g4 Nfe7 15. h4 f6
16. Qg3 d4 17. Nc2 fxe5 18. fxe5 Qc7 19. cxd4 cxd4 20. Ncxd4 Nxd4 21. Nxd4 Bxe5
22. Qf2 Rf8 23. Qxf8+ Rxf8 24. Rxf8+ Kxf8 25. Nxe6+ Ke8 26. Nxc7+ Bxc7 27. Kf2
Kd7 28. Bf3 Bd5 29. Bxd5 Nxd5 30. Bd2 b5 31. Kf3 Ke6 32. Re1+ Kd7 33. Re4 Bd8
34. g5 Kc6 35. Re6+ Kc5 36. Be3+ Nxe3 37. Kxe3 a5 38. Re8 Bc7 39. Re7 Bb6 40.
Rxh7 b4 41. b3 1-0

[Event "26.Off.Bayer.Senioren-EM 2014"]
[Site "Bergen"]
[Date "2014.06.28"]
[Round "9.32"]
[White "Jehn, Detlef"]
[Black "Stephan, Hubert"]
[Result "0-1"]
[WhiteElo "1449"]
[BlackElo "1540"]
[PlyCount "74"]
[EventDate "2014.??.??"]
[WhiteTeam "SF Bad Reichenhall"]
[BlackTeam "SC Prien"]

1. e4 c5 2. Bc4 Nc6 3. Nc3 Nf6 4. Nf3 e6 5. a3 Nxe4 6. d3 Nxc3 7. bxc3 d5 8.
Bb5 Bd7 9. Bxc6 Bxc6 10. d4 Be7 11. O-O O-O 12. Bf4 Ba4 13. Re1 Rc8 14. Qd3
cxd4 15. Nxd4 Bd6 16. Be5 Bxe5 17. Rxe5 Qc7 18. Rh5 g6 19. Rh3 Qb6 20. Re1 Rfe8
21. Qe3 Rc7 22. Qe5 Qc5 23. Nb3 Qe7 24. Rf3 Rec8 25. Qd4 Bxb3 26. cxb3 Qxa3 27.
c4 Qb4 28. Rfe3 b5 29. Ra1 a5 30. g3 bxc4 31. bxc4 dxc4 32. h4 c3 33. Qf6 h5
34. Rxe6 c2 35. Rc1 Qd2 36. Rd6 Qxc1+ 37. Kg2 Qd1 0-1

[Event "26.Off.Bayer.Senioren-EM 2014"]
[Site "Bergen"]
[Date "2014.06.28"]
[Round "9.33"]
[White "Braeu, Ludwig"]
[Black "Alefs, Willi"]
[Result "1-0"]
[WhiteElo "1759"]
[BlackElo "1533"]
[PlyCount "81"]
[EventDate "2014.??.??"]
[WhiteTeam "SK Marktoberdorf"]
[BlackTeam "SC Fuldatal"]

1. c4 Nf6 2. g3 d5 3. cxd5 Qxd5 4. Nf3 e5 5. Nc3 Qe6 6. Bg2 Nc6 7. O-O h6 8. d4
exd4 9. Nb5 Bd6 10. Nbxd4 Nxd4 11. Nxd4 Qe7 12. Nc6 Qd7 13. Qc2 O-O 14. Rd1 Qf5
15. e4 Qc5 16. Qxc5 Bxc5 17. b4 Bb6 18. Ne7+ Kh8 19. Bb2 Ng4 20. Rd2 c6 21. e5
h5 22. Nxc8 Raxc8 23. h3 Nh6 24. Rd7 Nf5 25. Kf1 Rc7 26. Rad1 Re8 27. Rd8 Rce7
28. Rxe8+ Rxe8 29. Be4 Nh6 30. Rd7 Rd8 31. Rxb7 Rd2 32. e6 Rxf2+ 33. Ke1 fxe6
34. Bxg7+ Kg8 35. Bxh6 Rxa2 36. Bg6 Ra1+ 37. Ke2 Ra2+ 38. Kd1 Ra1+ 39. Kc2 Bd8
40. Rb8 Ra2+ 41. Kb3 1-0

[Event "26.Off.Bayer.Senioren-EM 2014"]
[Site "Bergen"]
[Date "2014.06.28"]
[Round "9.34"]
[White "Siegl, Wolfgang"]
[Black "Kolkwitz, Klaus"]
[Result "0-1"]
[WhiteElo "1522"]
[BlackElo "1784"]
[PlyCount "38"]
[EventDate "2014.??.??"]
[WhiteTeam "SK 1926 Nördlingen-Ries"]
[BlackTeam "ESV 1949 Eberswalde e.V."]

1. g3 d5 2. Nf3 Nf6 3. Bg2 g6 4. O-O Bg7 5. d3 c6 6. Nbd2 O-O 7. e4 dxe4 8.
dxe4 Nfd7 9. Qe2 e5 10. Rd1 Qe7 11. c4 Na6 12. b3 Nac5 13. Ba3 Qf6 14. Nb1 Re8
15. Nc3 Ne6 16. Bd6 Nd4 17. Qd3 Qxd6 18. Nh4 Nc5 19. Qe3 Qf6 0-1

[Event "26.Off.Bayer.Senioren-EM 2014"]
[Site "Bergen"]
[Date "2014.06.28"]
[Round "9.35"]
[White "Zehfuss, Helmut"]
[Black "Flockerzi, Armin"]
[Result "1-0"]
[WhiteElo "1710"]
[BlackElo "1565"]
[PlyCount "115"]
[EventDate "2014.??.??"]
[WhiteTeam "SG Traunstein/Traunreut e.V."]
[BlackTeam "VfR-SC Koblenz"]

1. e4 d6 2. d4 Nf6 3. Bd3 e6 4. f3 b6 5. Be3 c6 6. Ne2 Ba6 7. Nbc3 Be7 8. Qd2
Bxd3 9. Qxd3 Qc7 10. O-O-O Nbd7 11. g4 h6 12. Ng3 O-O-O 13. Qe2 g6 14. h4 Kb7
15. f4 Nb8 16. g5 hxg5 17. hxg5 Nfd7 18. Qg4 Rdg8 19. Rdf1 Rxh1 20. Rxh1 Qd8
21. Rh7 Qe8 22. Qh3 d5 23. Qh1 Nf8 24. Rh2 Bd6 25. e5 Bb4 26. Nd1 Nfd7 27. a3
Be7 28. Kb1 c5 29. c4 cxd4 30. Bf2 Nc6 31. cxd5 exd5 32. Qxd5 Kc7 33. Bxd4 Nxd4
34. Qxd4 Bc5 35. Rc2 Kb8 36. Qe4 Qe6 37. Rd2 Rh8 38. Qd3 Rd8 39. Ne4 Be7 40.
Ne3 Nxe5 41. Qc3 Rxd2 42. Nxd2 Nd7 43. Qb3 Qxb3 44. Nxb3 Kb7 45. Kc2 a6 46. Kd3
Nc5+ 47. Nxc5+ Bxc5 48. Ng4 Bd6 49. Ke4 Kc6 50. Nh6 Kd7 51. Nxf7 a5 52. Nh8 b5
53. Nxg6 b4 54. Ne5+ Ke8 55. Nc4 bxa3 56. Nxd6+ Kd7 57. bxa3 Kxd6 58. f5 1-0

[Event "26.Off.Bayer.Senioren-EM 2014"]
[Site "Bergen"]
[Date "2014.06.28"]
[Round "9.36"]
[White "Alefs, Heinz"]
[Black "Nieswandt, Joseph"]
[Result "1-0"]
[WhiteElo "1627"]
[BlackElo "1443"]
[PlyCount "67"]
[EventDate "2014.??.??"]
[WhiteTeam "SC Eichenau"]
[BlackTeam "SC Wangen"]

1. d4 d5 2. Nf3 c6 3. e3 Nf6 4. Bd3 Bg4 5. b3 Nbd7 6. Nbd2 e6 7. h3 Bh5 8. Bb2
Bb4 9. c3 Bd6 10. O-O Qc7 11. Qe1 Bg6 12. e4 dxe4 13. Bxe4 O-O-O 14. c4 Bf4 15.
Bxg6 hxg6 16. Ne4 Nxe4 17. Qxe4 Nf6 18. Qe2 Rh5 19. Ne5 Rdh8 20. Qf3 Rf5 21.
Qe2 Rfh5 22. Qf3 g5 23. Rfe1 Bxe5 24. dxe5 g4 25. Qd3 Rxh3 26. gxh3 Rxh3 27.
Qd6 Qd7 28. Qf8+ Ne8 29. Rad1 Rd3 30. Rxd3 Qxd3 31. Qxe8+ Kc7 32. Qe7+ Kb6 33.
Qd6 Qf5 34. Bd4+ 1-0

[Event "26.Off.Bayer.Senioren-EM 2014"]
[Site "Bergen"]
[Date "2014.06.28"]
[Round "9.37"]
[White "Kunte, Herbert"]
[Black "Schoenfelder, Heinrich"]
[Result "1-0"]
[WhiteElo "1603"]
[BlackElo "1692"]
[PlyCount "77"]
[EventDate "2014.??.??"]
[WhiteTeam "SK Siemens München"]
[BlackTeam "SC Tarrasch 45 München"]

1. c4 Nf6 2. Nc3 e5 3. d3 g6 4. Nf3 d6 5. e3 Bg7 6. Be2 O-O 7. O-O Nbd7 8. Qc2
Re8 9. Bd2 b6 10. Rac1 Bb7 11. e4 Nf8 12. Nd5 c6 13. Nxf6+ Bxf6 14. b4 Ne6 15.
Be3 c5 16. b5 Bg7 17. Ne1 Nd4 18. Bxd4 exd4 19. Qd2 Qe7 20. Bg4 h5 21. Bh3 Kh7
22. g3 Bh6 23. f4 Bc8 24. Bxc8 Rexc8 25. Ng2 Rf8 26. Rce1 Rfe8 27. Qe2 Qd7 28.
Qf3 Qg4 29. f5 Qxf3 30. Rxf3 Rf8 31. Ref1 Kg7 32. Kh1 g5 33. h4 g4 34. f6+ Kg6
35. Rf5 Rae8 36. Rd5 Re6 37. Nf4+ Bxf4 38. Rxf4 Rxf6 39. Rg5+ 1-0

[Event "26.Off.Bayer.Senioren-EM 2014"]
[Site "Bergen"]
[Date "2014.06.28"]
[Round "9.38"]
[White "Braeu, Emmi"]
[Black "Wolfram, Gisbert"]
[Result "0-1"]
[WhiteElo "1331"]
[BlackElo "1637"]
[PlyCount "120"]
[EventDate "2014.??.??"]
[WhiteTeam "SK Marktoberdorf"]
[BlackTeam "SU Ebersberg-Grafing"]

1. Nf3 d5 2. c4 c6 3. Qc2 Nf6 4. g3 e6 5. Bg2 Nbd7 6. O-O dxc4 7. Qxc4 Nb6 8.
Qc2 Be7 9. d4 O-O 10. Rd1 Qc7 11. Nc3 Rd8 12. Be3 Nbd5 13. Bg5 h6 14. Bxf6 Nxf6
15. Rd3 Rb8 16. e3 Nd5 17. Nxd5 exd5 18. Rdd1 Bg4 19. a3 Qd6 20. Rd2 Qe6 21.
Ne5 Bf5 22. Qa4 a6 23. Rc1 Bd6 24. Nd3 Be4 25. Bxe4 Qxe4 26. Nc5 Bxc5 27. Rxc5
h5 28. Qc2 f5 29. Qd1 Qg4 30. Qf1 h4 31. f3 Qg5 32. Qf2 hxg3 33. hxg3 Re8 34.
Re2 Rf8 35. Qg2 Rbe8 36. Rc3 g6 37. Qh3 Kg7 38. Rh2 Rh8 39. f4 Qg4 40. Qxg4
fxg4 41. Rh4 Rxh4 42. gxh4 Rh8 43. Kg2 Rxh4 44. Kg3 Rh1 45. Kxg4 Rh2 46. Rb3 b5
47. Kg3 Rc2 48. a4 Kf6 49. Kf3 Kf5 50. axb5 cxb5 51. Rb4 Rc4 52. Rb3 b4 53. Rd3
a5 54. Rd2 b3 55. Rg2 Rc2 56. Rg5+ Kf6 57. Rxd5 Rxb2 58. Rb5 a4 59. Ke4 a3 60.
Ra5 a2 0-1

[Event "26.Off.Bayer.Senioren-EM 2014"]
[Site "Bergen"]
[Date "2014.06.28"]
[Round "9.39"]
[White "Janzen, Christian"]
[Black "Borkenhagen, Bernd"]
[Result "0-1"]
[WhiteElo "1579"]
[BlackElo "1391"]
[PlyCount "86"]
[EventDate "2014.??.??"]
[WhiteTeam "TSV Marienfelde 1890 e.V."]
[BlackTeam "SK Rinteln"]

1. e4 e5 2. Nf3 d6 3. d4 exd4 4. Qxd4 Nd7 5. Bc4 h6 6. O-O Ngf6 7. Re1 Be7 8.
e5 dxe5 9. Nxe5 Nxe5 10. Qxd8+ Bxd8 11. Rxe5+ Kf8 12. b3 Nd7 13. Ba3+ c5 14.
Bxc5+ Nxc5 15. Rxc5 Bf6 16. c3 Rb8 17. Be2 b6 18. Rd5 Be6 19. Rd1 Ke7 20. a4
Bxb3 21. Re1 Be6 22. Bg4 Rhc8 23. Bxe6 fxe6 24. Re3 Rc7 25. Ra2 Rd8 26. Kf1
Rd1+ 27. Re1 Rxe1+ 28. Kxe1 Bxc3+ 29. Nxc3 Rxc3 30. Kd2 Rc5 31. Ke3 Kd6 32. f4
g6 33. g3 g5 34. fxg5 hxg5 35. Kf3 Rc4 36. h3 e5 37. a5 b5 38. Rh2 b4 39. h4
gxh4 40. gxh4 Rf4+ 41. Kg3 b3 42. Rb2 Rb4 43. h5 Ke6 0-1

[Event "26.Off.Bayer.Senioren-EM 2014"]
[Site "Bergen"]
[Date "2014.06.28"]
[Round "9.40"]
[White "Neiss, Albrecht"]
[Black "Steffl, Herbert"]
[Result "0-1"]
[WhiteElo "1342"]
[BlackElo "1512"]
[PlyCount "84"]
[EventDate "2014.??.??"]
[WhiteTeam "SC Kirchseeon e.V."]
[BlackTeam "ASV J'Adoube Grassau SAB"]

1. d4 d5 2. c4 e6 3. Nc3 Nf6 4. cxd5 exd5 5. Bg5 Be7 6. e3 O-O 7. Bd3 h6 8.
Bxf6 Bxf6 9. Nge2 c6 10. O-O Re8 11. Ng3 Bg5 12. e4 dxe4 13. Ncxe4 Be6 14. Nxg5
Qxg5 15. Re1 Nd7 16. Qf3 Qf6 17. Qd1 Nb6 18. Bc2 Rad8 19. Qd3 g6 20. Rad1 Bf5
21. Ne4 Qg7 22. Qc3 Nd5 23. Qb3 Re7 24. Kf1 Be6 25. Qa3 b6 26. Nc3 Red7 27. Ne2
a5 28. Be4 f5 29. Bf3 Nb4 30. Qe3 Bxa2 31. b3 Nc2 32. Qe6+ Kh7 33. Nc3 Nxe1 34.
Rxe1 Rd6 35. Qe7 Bxb3 36. Bxc6 Bc4+ 37. Kg1 Rxd4 38. h3 Rd3 39. Kh2 Qxe7 40.
Rxe7+ Kg8 41. Ne2 R3d6 42. Ba4 b5 0-1

[Event "26.Off.Bayer.Senioren-EM 2014"]
[Site "Bergen"]
[Date "2014.06.28"]
[Round "9.42"]
[White "Peiberg, Ehrhard"]
[Black "Hartlaub, Marianne"]
[Result "1/2-1/2"]
[WhiteElo "1483"]
[BlackElo "1348"]
[PlyCount "34"]
[EventDate "2014.??.??"]
[WhiteTeam "SC Erlangen 48/88"]
[BlackTeam "SK 1982 Klingenberg e.V."]

1. d4 d6 2. e4 Nf6 3. Nc3 c6 4. Be2 Qa5 5. Bd2 Qb6 6. e5 dxe5 7. dxe5 Nd5 8.
Rb1 e6 9. a3 Qc7 10. Nf3 a6 11. O-O Be7 12. Re1 O-O 13. Qc1 b5 14. Ne4 Nd7 15.
c4 bxc4 16. Qxc4 N7b6 17. Qc2 Bb7 1/2-1/2

[Event "26.Off.Bayer.Senioren-EM 2014"]
[Site "Bergen"]
[Date "2014.06.28"]
[Round "9.43"]
[White "Rosmann, Armin"]
[Black "Wilfert, Eva-Maria"]
[Result "1-0"]
[WhiteElo "1505"]
[BlackElo "1414"]
[PlyCount "59"]
[EventDate "2014.??.??"]
[WhiteTeam "SG Büchenbach/Roth e.V."]
[BlackTeam "PTSV SK Hof 1892"]

1. e4 e6 2. d4 b6 3. Nc3 Bb7 4. Nf3 Bb4 5. Bd3 Nf6 6. Bg5 Be7 7. O-O Ba6 8. Ne5
Bxd3 9. Nxd3 d6 10. f4 Nbd7 11. Qf3 h6 12. Bh4 O-O 13. Rad1 Rc8 14. e5 Nd5 15.
Bxe7 Nxe7 16. Rf2 d5 17. g4 Ng6 18. f5 exf5 19. gxf5 Nh4 20. Qg3 Qg5 21. Nxd5
Qxg3+ 22. hxg3 Nxf5 23. Rxf5 Kh7 24. Rdf1 c5 25. Ne7 Rcd8 26. c3 cxd4 27. cxd4
Rfe8 28. Rxf7 a5 29. Nc6 Kg8 30. Nxd8 1-0

[Event "26.Off.Bayer.Senioren-EM 2014"]
[Site "Bergen"]
[Date "2014.06.28"]
[Round "9.44"]
[White "Malik, Rosemarie"]
[Black "Huetter, Heinz"]
[Result "0-1"]
[WhiteElo "1327"]
[BlackElo "1438"]
[PlyCount "122"]
[EventDate "2014.??.??"]
[WhiteTeam "SK Großweil"]
[BlackTeam "SC Eichenau"]

1. e4 c5 2. Nf3 g6 3. d4 e6 4. Be3 Qb6 5. b3 d6 6. dxc5 dxc5 7. Nbd2 Nd7 8. Bd3
Qc7 9. O-O b6 10. Rb1 Ne7 11. Qe2 Bg7 12. Rfd1 O-O 13. c4 Nc6 14. Nf1 e5 15.
Qd2 Nd4 16. Bxd4 cxd4 17. b4 Re8 18. Ng3 f6 19. Rdc1 Bf8 20. Qb2 Rb8 21. Qb3
Kg7 22. Qa4 a6 23. Qd1 Qa7 24. Qd2 Kh8 25. Rc2 a5 26. bxa5 Qxa5 27. Qxa5 bxa5
28. Rxb8 Nxb8 29. Rb2 Ba6 30. Ne1 Bb4 31. Nc2 Bc5 32. f3 Nc6 33. Ne2 Nb4 34.
Nxb4 Bxb4 35. Nc1 Rc8 36. Kf1 Bxc4 37. Bxc4 Rxc4 38. Nd3 Kg7 39. g4 g5 40. h3
h6 41. Ke2 Kg6 42. Kd1 h5 43. Rc2 Bc3 44. gxh5+ Kxh5 45. Nf2 Rb4 46. Ng4 Rb6
47. Nf2 Kh4 48. Ng4 Kxh3 49. Ke2 Kg3 50. Nh6 Kh4 51. Nf5+ Kh3 52. Kd3 Rb2 53.
Nd6 Rxc2 54. Kxc2 g4 55. fxg4 Kxg4 56. Kd3 Bb4 57. Nc4 Kf4 58. a4 f5 59. exf5
Kxf5 60. Nb6 Bc3 61. Nd5 e4+ 0-1

[Event "26.Off.Bayer.Senioren-EM 2014"]
[Site "Bergen"]
[Date "2014.06.28"]
[Round "9.45"]
[White "Walther, Renate"]
[Black "Jurgan, Brigitte"]
[Result "1/2-1/2"]
[WhiteElo "818"]
[BlackElo "1225"]
[PlyCount "60"]
[EventDate "2014.??.??"]
[WhiteTeam "SK 1911 Herzogenaurach e.V."]
[BlackTeam "SF Bad Reichenhall"]

1. e4 e5 2. Nf3 d6 3. Bc4 g6 4. d3 Be7 5. Be3 Bg4 6. h3 Bxf3 7. Qxf3 Bf6 8. Nc3
c6 9. Qd1 Bg5 10. Qd2 Bxe3 11. fxe3 Qh4+ 12. Qf2 Qxf2+ 13. Kxf2 Nf6 14. Raf1
Nbd7 15. d4 b5 16. Bb3 a5 17. a3 exd4 18. exd4 Ra6 19. Rd1 Nb6 20. Rhe1 Ng8 21.
d5 b4 22. Na4 Nxa4 23. Bxa4 Ne7 24. dxc6 Nc8 25. c7+ Ke7 26. e5 dxe5 27. Rxe5+
Kf6 28. Rde1 Kg7 29. Bd7 Ra7 30. Rc5 Ra8 1/2-1/2